| 000 | 004400000a22001690004500 | ||
|---|---|---|---|
| 041 | 0 | _aSPA | |
| 082 | 0 | 4 | _aG 362.8292 M543v |
| 100 | 1 | _aMeneses Gómez, Arturo | |
| 245 | 1 | 0 | _aViolencia intrafamiliar / Arturo Meneses Gómez |
| 260 | _aMedellín, Colombia : Litojara | ||
| 300 | _a71 Pag | ||
| 001 | 9789 | ||
| 942 | _cBK | ||
| 999 |
_c39642 _d39642 |
||
| 336 |
_atexto _btxt _2rdacontent |
||
| 337 |
_2rdamedia _asin mediación _bn |
||
| 338 |
_2rdacarrier _avolumen _bnc |
||